| 000 | 00673nam a2200229Ia 4500 | ||
|---|---|---|---|
| 003 | BUBTL | ||
| 008 | 151213s9999 xx 000 0 und d | ||
| 020 | _a0-07-231499-0 | ||
| 082 |
_a658.4012 _bTHM |
||
| 100 | _aThompson & Strickland | ||
| 245 |
_aStrategic management _bConcepts & cases _cThompson & Strickland |
||
| 250 | _a11th | ||
| 260 |
_bMcGraw hill _aBoston . _c2001 |
||
| 300 |
_a[xxxix] , 615p . : _bill , Chart ,Graph , Map ; 22cm . _cManagement . |
||
| 500 | _aIncludes Index . | ||
| 650 | _aManagement | ||
| 650 | _aManagement | ||
| 700 | _aThompson & Strickland | ||
| 856 |
_k0 _l0 _yDownload |
||
| 942 |
_2ddc _cBK |
||
| 999 |
_c1026 _d1026 |
||